| 000 | 00000nam##2200000za#4500 |
| 001 | 9.680546 |
| 003 | CaOODSP |
| 005 | 20240202111225 |
| 007 | ta |
| 008 | 150407|1998||||xxc||||| f|0| 0 fre|d |
| 020 | |a0-662-83176-4 |
| 040 | |aCaOODSP|bfre |
| 043 | |an-cn--- |
| 086 | 1 |aC89-4/46-1998F |
| 110 | 2 |aAgence de promotion économique du Canada atlantique. |bDirection de l'entrepreneurship. |
| 245 | 10|aL'enseignement entrepreneurial: la filière atlantique : |bguide sur l'enseignement entrepreneurial / |cPublié par la Direction de l'entrepreneurship. |
| 260 | |aMoncton - Nouveau-Brunswick : |bAgence de promotion économique du Canada atlantique. |c1998. |
| 300 | |aiii, 50p. : |bréférences ; |c28 cm. |
| 500 | |a«[Cette publication] à pour objectif d'aider les enseignants à trouver les ressources utiles à l'enseignement et à l'apprentissage des notions de l'entrepreneurship et ce, à tous les niveau pédagogiques.»--Page iii. |
| 520 | 3 |a[Cette publication] à pour objectif d'aider les enseignants à trouver les ressources utiles à l'enseignement et à l'apprentissage des notions de l'entrepreneurship et ce, à tous les niveau pédagogiques.--Page iii |
| 563 | |aCouverture souple |
| 590 | |a99-05|b1999-02-05 |
| 691 | 07|aÉducation|2gcpds |
| 691 | 07|aEntrepreneuriat|2gcpds |
| 691 | 07|aEnseignant|2gcpds |
| 775 | 08|tOpportunity trails: an Atlantic-wide connection : |w(CaOODSP)9.647081 |
| 776 | 0#|tL'enseignement entrepreneurial : la filière atlantique : |w(CaOODSP)9.639364 |